Study of partitioning and dynamics of metals in contaminated soil using modified four-step BCR sequential extraction procedure

Bibliographic Details
Main Authors: Levei, Erika (Author), Cordos, Emil A. (Author), Ponta, Michaela (Author), Frentiu, Tiberiu (Author)
Format: Article
Language:English

MARC

LEADER 00000nab a2200000uu 4500
001 vtls010878744
003 SK-MaSNL
005 20260303191059.0
008 230303|2009 xo |||||||||||||||||eng|
015 |a SNBRB 
035 |a (urnnbn)urn:nbn:sk:snk:ar-005vgb 
035 |a (uuid)b8be1d55-ecd9-41ad-81c0-b5a1cdfbfe37 
035 |a urn:nbn:sk:snk-ab7mv2 
040 |a SNKBUCL  |b slo  |c SNKBUCL  |e AACR2 
041 0 |a eng 
044 |a xo  |c SK 
100 1 |a Levei, Erika  |4 aut  |9 1220119 
245 1 0 |a Study of partitioning and dynamics of metals in contaminated soil using modified four-step BCR sequential extraction procedure  |c Erika Levei, Michaela Ponta, Tiberiu Frentiu, Emil A. Cordos 
700 1 |a Cordos, Emil A.  |4 aut  |9 1220118 
700 1 |a Ponta, Michaela  |4 aut  |9 1220121 
700 1 |a Frentiu, Tiberiu  |4 aut  |9 1220122 
773 0 |t Chemical papers  |g Roč. 63, č. 2 (2009), s. [239]-248 
958 |a OND 
958 |a EUIPO 
958 |a article8 
999 |c 2139353  |d 2141283